Normal view
MARC view
- Muhammad Abid naeem
Entry Personal Name
001 - CONTROL NUMBER
- control field: 47672
003 - CONTROL NUMBER IDENTIFIER
- control field: NUST
005 - DATE AND TIME OF LATEST TRANSACTION
- control field: 20210314133859.0
008 - FIXED-LENGTH DATA ELEMENTS
- fixed length control field: 210314|| aca||aabn | a|a d
040 ## - CATALOGING SOURCE
- Original cataloging agency: NUST
- Transcribing agency: NUST
100 ## - HEADING--PERSONAL NAME
- Personal name: Muhammad Abid naeem
670 ## - SOURCE DATA FOUND
- Source citation: Work cat.: (NUST): Muhammad Abid naeem, Effectives of hydrated lime modified bituminious mixes in pakistan, 2014
